000
00230nam a22000857a 4500
008
161112b xxu||||| |||| 00| 0 eng d
100
_9
1160
_a
Tayal.B.B.etal.
245
_a
Social Science-VIII
260
_a
New Delhi
_b
APC Publications
_c
2010
999
_c
3820
_d
3820